Introduction to modern optics
Saved in:
| Hovedforfatter: | |
|---|---|
| Format: | Bog |
| Sprog: | engelsk |
| Udgivet: |
Nueva York
Holt, Rinehart and Winston
1968
|
| Fag: | |
| Tags: |
Tilføj Tag
Ingen Tags, Vær først til at tagge denne postø!
|
MARC
| LEADER | 00000nam a2200000 a 4500 | ||
|---|---|---|---|
| 001 | UCH1833 | ||
| 003 | CL-VaPUC | ||
| 008 | 090514e19680000US |||||||||||||||||eng|d | ||
| 082 | 0 | 4 | |a 535 |b FOW |2 21 |
| 100 | 0 | |a Fowles, Grant R |e author |9 536386 | |
| 245 | 1 | 0 | |a Introduction to modern optics |
| 300 | |a 304 p | ||
| 942 | |c BK | ||
| 945 | |d 20090514 00:00:00 |a dcastane | ||
| 260 | |a Nueva York |b Holt, Rinehart and Winston |c 1968 | ||
| 650 | 7 | |a OPTICA-FISICA |2 CL-VaPUC |9 271669 | |
| 650 | 7 | |a FISICA DE ONDAS |2 CL-VaPUC |9 467744 | |
| 650 | 7 | |a EFECTO DOPPLER |2 CL-VaPUC |9 536387 | |
| 650 | 7 | |a INTERFERENCIA |2 CL-VaPUC |9 263350 | |
| 650 | 7 | |a ESPECTRO OPTICO |2 CL-VaPUC |9 536388 | |
| 583 | |a last modification |c 20090514 00:00:00 |k Rodrigo Vera | ||
| 999 | |c 333730 |d 333728 | ||
| 952 | |0 0 |1 0 |4 0 |6 535_000000000000000_FOW_1968 |7 0 |8 A |9 422330 |a BIBCUR |b BIBCUR |d 2019-11-22 |i 4543793 |o 535 FOW 1968 |p 4543793 |r 2025-04-22 |w 2019-11-22 |y BK |k FIS | ||